000 00773nam a2200229Ia 4500
003 OSt
005 20220211134947.0
008 210716s2008 xx 000 0 und d
020 _a9781259097225
040 _cAIMIT LIBRARY
041 _aeng
082 _a658.3
_25
_bBERH
100 _aBernardin, H John.
_919324
245 _aHuman resource management :
_bexperiental approach /
_cBy H John Bernaradin.
250 _a5th ed.
260 _aNew Delhi :
_bTata McGraw Hill Publishing Company Ltd ,
_c2013.
300 _axiii, 813p ;
_c27cm.
650 _aHuman resource management and the environment
_919325
650 _aAcquiring human resource capability
_919326
650 _aCompensating and managing human resource
_919327
942 _2ddc
_cBK
_e5th
_k658.3 BERH
999 _c209256
_d209256